000 00631nam a2200241Ia 4500
003 OSt
005 20220925182848.0
006 a|||||r|||| 00| 0
007 ta
008 220923b |||||||| |||| 00| 0 eng d
037 _cGeneral Book
040 _aRTL
_cRTL
_beng
041 _2eng
_aeng
082 _aT.2.N64t:g, M2
100 _aNaik J P
245 0 _aEducation commisson and after
260 _aDelhi
_bAllied India
_c1982
300 _aviii, 258p.
_ccm.
500 _aAppendix P 203-53
650 _aEducation
942 _hT.2.N64t:g, M2
_cGB
_2CC
999 _c503315
_d503315